Bildquellen zur Geschichte Afrikas [Historische Fotografien der Basler Mission]
| Titel: | Bildquellen zur Geschichte Afrikas [Historische Fotografien der Basler Mission] |
|---|---|
| Verfasser: | |
| Beteiligt: | |
| In: |
Schweizerische Akademie der Geistes- und Sozialwissenschaften: SAGW Bulletin, Heft 1 (2003), Seite 38-40 alle Artikel anzeigen |
| Veröffentlicht: | 2003 |
| Format: | Aufsatz |
X
alg: 44191682 001A $03036:30-01-19 001B $01999:30-01-19 $t22:56:15.000 001D $03036:30-01-19 001U $0utf8 001X $00 002@ $0Aox 003@ $0441916821 007A $0441916821 $aHEB 007T $0ArchMa07786 011@ $a2003 021A $aBildquellen zur Geschichte Afrikas [Historische Fotografien der Basler Mission] 028A $aJenkins $dPaul 028B/01 $aThomas $dGuy 031A $e1 $h38-40 $j2003 039B $aIn $8--Abvc--Schweizerische Akademie der Geistes- und Sozialwissenschaften [Tb1]. SAGW Bulletin. - Bern : SAGW, 1992-. - ISSN 1420-6560 $x200300000000001962 $9069048053 lok: 44191682 105 exp: 44191682 105 1 #EPN 201B/01 $030-01-19 $t13:34:18.000 201C/01 $030-01-19 201U/01 $0utf8 203@/01 $01042272689 208@/01 $a13-12-18 $be 209A/01 $a/ $f106 $x00 244Z/01 $aBasel $x01 245Z/01 $a4.12.02. $bArchivwesen Europas / Schweiz, Liechtenstein / Archive und Archivbestände $x01 247C/01 $8->Marburg, Bibliographie zum Archivwesen der Archivschule Marburg $939588196X
| LEADER | 00000caa a22000002c 4500 | ||
|---|---|---|---|
| 001 | 441916821 | ||
| 003 | DE-603 | ||
| 005 | 20190130225615.0 | ||
| 007 | tu | ||
| 008 | 190130s2003 xx |||| | u00||u|und c | ||
| 035 | |a (DE-599)HEB441916821 | ||
| 040 | |a DE-603 |b ger |c DE-603 |d DE-603 | ||
| 100 | 1 | |a Jenkins, Paul | |
| 245 | 0 | 0 | |a Bildquellen zur Geschichte Afrikas [Historische Fotografien der Basler Mission] |
| 264 | 0 | |c 2003 | |
| 700 | 1 | |a Thomas, Guy | |
| 773 | 0 | 8 | |i In |a Schweizerische Akademie der Geistes- und Sozialwissenschaften |t SAGW Bulletin |d Bern : SAGW, 1992- |x 1420-6560 |g Heft 1 (2003), Seite 38-40 |w (DE-603)069048053 |w (DE-600)1171835-3 |
| 924 | 0 | |9 - |a (DE-603)1042272689 |b DE- |c HES |d d |g / | |